MARC details
| 000 -LEADER |
| fixed length control field |
01272cab a22002295a 4500 |
| 001 - CONTROL NUMBER |
| control field |
L147231 |
| 008 - FIXED-LENGTH DATA ELEMENTS--GENERAL INFORMATION |
| fixed length control field |
090417s2009 xxk f 000 0 eng d |
| 035 ## - SYSTEM CONTROL NUMBER |
| System control number |
(Sirsi) u147231 |
| 041 0# - LANGUAGE CODE |
| Language code of text/sound track or separate title |
eng |
| 245 00 - TITLE STATEMENT |
| Title |
Cooling off |
| 260 ## - PUBLICATION, DISTRIBUTION, ETC. |
| -- |
009 |
| 490 #4 - SERIES STATEMENT |
| Series statement |
The Estate Agent |
| Volume/sequential designation |
April 2009, 8-10(3) |
| 520 ## - SUMMARY, ETC. |
| Summary, etc. |
Reports on how the "cooling off" regulations giving consumers seven days to change their minds about contracts signed in their own homes or at their own offices which came into effect in 2008 affects estate agents. Explains how to get round the Cancellation of Contracts Made in a Consumer's Home or Place of Work Regulations 2008, and gives advice on how to act. Concludes by considering possible future developments, including an EU Directive which might double the cooling off period to 14 days. |
| 590 ## - LOCAL NOTE (RLIN) |
| Local note |
KA |
| 650 24 - SUBJECT ADDED ENTRY--TOPICAL TERM |
| Topical term or geographic name entry element |
CANCELLATION OF CONTRACTS CONCLUDED AWAY FROM BUSINESS PREMISES REGULATIONS 1987 |
| 650 24 - SUBJECT ADDED ENTRY--TOPICAL TERM |
| Topical term or geographic name entry element |
CANCELLATION OF CONTRACTS MADE IN A CONSUMER'S HOME OR PLACE OF WORK ETC REGULATIONS 2008 |
| 650 24 - SUBJECT ADDED ENTRY--TOPICAL TERM |
| Topical term or geographic name entry element |
EU PROPOSAL FOR A DIRECTIVE ON CONSUMER RIGHTS |
| 650 24 - SUBJECT ADDED ENTRY--TOPICAL TERM |
| Topical term or geographic name entry element |
HOME INFORMATION PACKS |
| 651 #4 - SUBJECT ADDED ENTRY--GEOGRAPHIC NAME |
| Geographic name |
England and Wales |
| Chronological subdivision |
1543- |
| 690 ## - LOCAL SUBJECT ADDED ENTRY--TOPICAL TERM (OCLC, RLIN) |
| Topical term or geographic name as entry element |
PROPERTY-RESIDENTIAL PROPERTY-RESIDENTIAL PROPERTY ACQUISITION AND DISPOSAL |
| 942 ## - ADDED ENTRY ELEMENTS (KOHA) |
| Suppress in OPAC |
0 |